000 01035ngm a22003370a 4500
001 PT16556
003 AR-LpoUNG
005 20210202000215.0
007 vd cvaizq
008 191001s2001||||ag |||||||||||||||||spa d
037 _c$8.30
040 _aAR-LpoUNG
_bspa
_cAR-LpoUNG
_eaacr
041 _aspa
044 _aag
082 0 _a909 532v27
245 1 3 _aEl siglo de oro de Pericles :
_bla vida cotidiana en Grecia
260 _aBuenos Aires :
_bKalender Video Argentina,
_c2001.
300 _aVHS (56 min.) : son., byn, col.
520 _aEl siglo v antes de Cristo es conocido como el siglo de Oro de Pericles. Grecia se hallaba en su máximo grado de esplendor.¿Cómo se gobernaba la democracia de Atenas?.
650 4 _aCULTURA
650 4 _aFILOSOFIA
650 4 _aGRECIA
650 4 _aHISTORIA SOCIAL
650 4 _aPOLITICA
650 4 _aSISTEMAS POLITICOS
653 _aVIDEOS
653 _aVIDEOS DIDACTICOS
710 2 _aMetropolitan Museum of Art (New York)
905 _a16556
942 _cVIDEO
999 _c54339
_d54339